[Event "EST Club Ch 2002"]
[Site "?"]
[Date "2002.03.08"]
[Round "1"]
[White "Kulaots, Kaido"]
[Black "Raud, Rainer"]
[Result "1-0"]
[WhiteElo "2531"]
[BlackElo "2380"]
[PlyCount "91"]

1. e4 c6 2. d4 d5 3. Nd2 dxe4 4. Nxe4 Nf6 5. Nxf6+ exf6 6. c3 Bd6 7. Bd3 c5 8.
Ne2 Nc6 9. Be3 cxd4 10. Nxd4 Nxd4 11. Bxd4 O-O 12. O-O Be6 13. Re1 Qa5 14. Qf3
b6 15. a4 Rad8 16. Bb5 Bb3 17. Bxf6 gxf6 18. Qxf6 Bc2 19. h4 a6 20. h5 h6 21.
b4 Bxb4 22. cxb4 Qxb4 23. Re3 Rd6 24. Rg3+ Bg6 25. Rxg6+ fxg6 26. Bc4+ Qxc4 27.
Qxd6 Qf7 28. Qxb6 gxh5 29. Re1 Re8 30. Rxe8+ Qxe8 31. Qxa6 Qe1+ 32. Qf1 Qc3 33.
Qd1 Kg7 34. g3 Kg6 35. Qd6+ Kg7 36. Kg2 Qa5 37. Qd7+ Kg6 38. Qc6+ Kg7 39. Qb5
Qa8+ 40. Kg1 Qe4 41. a5 h4 42. a6 Kg6 43. a7 h3 44. Qa6+ Kg7 45. a8=Q Qe1+ 46.
Qf1 1-0

[Event "EST Club Ch 2002"]
[Site "?"]
[Date "2002.03.08"]
[Round "1"]
[White "Leito, Priit"]
[Black "Sepp, Olav"]
[Result "1/2-1/2"]
[WhiteElo "2339"]
[BlackElo "2460"]
[PlyCount "63"]

1. e4 e5 2. Nf3 Nc6 3. Bb5 Nf6 4. O-O Nxe4 5. d4 Nd6 6. Bxc6 dxc6 7. dxe5 Nf5
8. Qxd8+ Kxd8 9. Nc3 Ke8 10. Ne4 Ne7 11. h3 Ng6 12. Bd2 h6 13. Rfe1 c5 14. c4
Be6 15. b3 Kd7 16. Be3 Kc6 17. Rad1 b6 18. Ng3 Be7 19. Nh5 Rhg8 20. g4 Rad8 21.
Rxd8 Bxd8 22. Bd2 b5 23. cxb5+ Kxb5 24. Bc3 Bd5 25. Nd2 Bg5 26. Ne4 Nf4 27.
Nxf4 Bxf4 28. Bd2 Bxe5 29. Nxc5 Bd4 30. Na4 Be6 31. Rc1 c5 32. Nc3+ 1/2-1/2

[Event "EST Club Ch 2002"]
[Site "?"]
[Date "2002.03.08"]
[Round "1"]
[White "Kanep, Meelis"]
[Black "Narva, Jaan"]
[Result "1/2-1/2"]
[WhiteElo "2358"]
[BlackElo "2300"]
[PlyCount "118"]

1. d4 d5 2. c4 c6 3. Nf3 Nf6 4. e3 a6 5. Bd3 b5 6. b3 Bg4 7. O-O Nbd7 8. Bb2 e6
9. Nbd2 Bb4 10. Qc2 Bh5 11. a3 Bxd2 12. Nxd2 O-O 13. e4 bxc4 14. bxc4 Bg6 15.
a4 Rc8 16. e5 Nh5 17. f4 Qh4 18. f5 exf5 19. Bxf5 Nf4 20. g3 Nh3+ 21. Kg2 Qh5
22. Ba3 Rfe8 23. Qd1 Qxd1 24. Raxd1 Bxf5 25. Rxf5 g6 26. Rff1 Ng5 27. Rb1 Ne6
28. Rb7 Rcd8 29. cxd5 cxd5 30. Nf3 Nb8 31. h4 h6 32. Nh2 Rd7 33. Rb6 h5 34. Bd6
Rdd8 35. Nf3 Rc8 36. Ng5 Nc6 37. Nxe6 fxe6 38. Rf4 a5 39. Rb7 Nd8 40. Rd7 Rc2+
41. Kh3 Kh8 42. Be7 Nc6 43. Bf6+ Kg8 44. Rg7+ Kf8 45. Rh7 Rb8 46. Rh8+ Kf7 47.
Rxb8 Nxb8 48. Bd8+ Kg7 49. Bxa5 Rc4 50. Bb6 Nd7 51. a5 Nxb6 52. axb6 Rb4 53. g4
Rb3+ 54. Kg2 hxg4 55. Rxg4 Kh6 56. Rf4 Rxb6 57. Kg3 Kh5 58. Rf8 Rb3+ 59. Kf4
Kh6 1/2-1/2

[Event "EST Club Ch 2002"]
[Site "?"]
[Date "2002.03.08"]
[Round "1"]
[White "Olde, Hendrik"]
[Black "Rauk, Tonu"]
[Result "0-1"]
[WhiteElo "2338"]
[BlackElo "2205"]
[PlyCount "102"]

1. Nf3 Nf6 2. g3 d5 3. Bg2 c5 4. d3 Nc6 5. Nbd2 g6 6. O-O Bg7 7. c3 O-O 8. h3
b6 9. Re1 Ba6 10. Rb1 Nd7 11. b4 Bb7 12. b5 Nce5 13. Nh2 f5 14. Qb3 Nf6 15. f4
Nf7 16. e4 dxe4 17. dxe4 Qd3 18. Nhf1 fxe4 19. Re3 Qd5 20. Qc2 Nd6 21. g4 Qf7
22. c4 Nfe8 23. Nxe4 Qxc4 24. Qxc4+ Nxc4 25. Re2 Bxe4 26. Rxe4 Ned6 27. Rxc4
Nxc4 28. Bd5+ Kh8 29. Bxc4 Rad8 30. Kg2 e5 31. fxe5 Bxe5 32. Bh6 Bg7 33. Bxg7+
Kxg7 34. Re1 Rfe8 35. Re3 Rxe3 36. Nxe3 Kf6 37. Nd5+ Ke5 38. Ne7 Kf4 39. Nd5+
Ke4 40. Ne7 g5 41. Bg8 h6 42. Kf2 Rd2+ 43. Ke1 Rb2 44. Bb3 Kd3 45. Nc6 Ke3 46.
Kd1 Kd3 47. Kc1 Kc3 48. Nxa7 Rh2 49. Nc8 c4 50. Bd1 Rxa2 51. Kb1 Rb2+ 0-1

[Event "EST Club Ch 2002"]
[Site "?"]
[Date "2002.03.08"]
[Round "1"]
[White "Fomina, Tatjana"]
[Black "Brokko-Olde, Margit"]
[Result "1-0"]
[WhiteElo "2242"]
[BlackElo "2154"]
[PlyCount "67"]

1. e4 d6 2. Bc4 Nf6 3. Qe2 g6 4. d4 Bg7 5. e5 dxe5 6. dxe5 Nd5 7. Nf3 Bg4 8.
O-O e6 9. Nc3 Nxc3 10. bxc3 c6 11. Bf4 Qa5 12. Rab1 b5 13. Bd3 Qxc3 14. Rfe1
Nd7 15. h3 Bxf3 16. Qxf3 O-O 17. Qe2 Nc5 18. Bg5 a6 19. h4 h5 20. g4 hxg4 21.
Bd2 Qd4 22. Rb4 Qd5 23. Rxg4 Nxd3 24. cxd3 Rad8 25. Rg3 Qxa2 26. h5 Rd5 27.
hxg6 Rxe5 28. gxf7+ Rxf7 29. Qxe5 Qxd2 30. Re2 Qc1+ 31. Kg2 a5 32. Qxe6 a4 33.
Re4 Qb2 34. Rf3 1-0

[Event "EST Club Ch 2002"]
[Site "?"]
[Date "2002.03.08"]
[Round "1"]
[White "Krupenski, Juri"]
[Black "Karner, Hillar"]
[Result "0-1"]
[WhiteElo "2228"]
[BlackElo "2293"]
[PlyCount "81"]

1. e4 e5 2. Nf3 Nc6 3. Bb5 a6 4. Bxc6 dxc6 5. O-O f6 6. d4 Bg4 7. dxe5 Qxd1 8.
Rxd1 fxe5 9. Rd3 Bd6 10. Nbd2 Nf6 11. Nc4 O-O-O 12. Bg5 h6 13. Bxf6 gxf6 14.
Ne3 Be6 15. Nh4 Bc5 16. Nhf5 Rxd3 17. cxd3 Rd8 18. Rd1 Bxa2 19. Nxh6 Bb3 20.
Rd2 Bb4 21. Re2 Rxd3 22. h4 Kd7 23. Nef5 Bd2 24. f3 Ke6 25. Kh2 Rd8 26. Kh3 a5
27. Kg4 a4 28. Kh5 b5 29. Ng7+ Ke7 30. Ngf5+ Kf8 31. Kg6 b4 32. Ng4 a3 33. bxa3
bxa3 34. h5 Bf7+ 35. Kxf6 a2 36. h6 Bg8 37. g3 a1=Q 38. h7 Bxh7 39. Rh2 c5 40.
Rxh7 Qa6+ 41. Kxe5 0-1

[Event "EST Club Ch 2002"]
[Site "?"]
[Date "2002.03.08"]
[Round "1"]
[White "Vetemaa, Juri"]
[Black "Kovaljov, Deniss"]
[Result "1/2-1/2"]
[WhiteElo "2280"]
[BlackElo "2244"]
[PlyCount "62"]

1. e4 e6 2. d3 d5 3. Nd2 c5 4. Ngf3 Nc6 5. g3 b6 6. Bg2 dxe4 7. Nxe4 Bb7 8. O-O
Be7 9. Bd2 Nf6 10. Bc3 O-O 11. Nxf6+ Bxf6 12. Qe2 Bxc3 13. bxc3 Qf6 14. Ne5
Nxe5 15. Bxb7 Rab8 16. Bg2 Ng6 17. Qd2 Rfd8 18. Rfe1 Ne7 19. a4 Nd5 20. Bxd5
Rxd5 21. Re4 Rbd8 22. Rae1 h5 23. Rf4 Rf5 24. Ree4 g6 25. h4 Rxf4 26. Rxf4 Qe5
27. Rc4 Rd5 28. Kf1 Qf5 29. Qf4 Qxf4 30. Rxf4 f5 31. c4 Rd4 1/2-1/2

[Event "EST Club Ch 2002"]
[Site "?"]
[Date "2002.03.08"]
[Round "1"]
[White "Krupenski, Igor"]
[Black "Remmel, Anto"]
[Result "1/2-1/2"]
[WhiteElo "2211"]
[BlackElo "2245"]
[PlyCount "56"]

1. e4 e5 2. Nf3 Nc6 3. Bb5 a6 4. Ba4 Nf6 5. O-O Be7 6. Re1 b5 7. Bb3 d6 8. c3
O-O 9. h3 Be6 10. d4 Bxb3 11. Qxb3 exd4 12. cxd4 d5 13. e5 Ne4 14. Nbd2 Nxd2
15. Bxd2 Qd7 16. Rac1 Nd8 17. Bb4 c6 18. Bxe7 Qxe7 19. Qc2 Rc8 20. Qc5 Qxc5 21.
Rxc5 Ne6 22. Rc2 Rc7 23. b4 Rb8 24. Rec1 Rb6 25. Kf1 Kf8 26. g3 Ke7 27. Ke2 Kd7
28. Kd3 a5 1/2-1/2

[Event "EST Club Ch 2002"]
[Site "?"]
[Date "2002.03.08"]
[Round "1"]
[White "Lelumees, Brait"]
[Black "Ilves, Juri"]
[Result "0-1"]
[WhiteElo "2104"]
[BlackElo "2093"]
[PlyCount "74"]

1. e4 d6 2. d4 Nf6 3. Nc3 g6 4. f4 Bg7 5. Nf3 O-O 6. Be3 c6 7. Qd2 b5 8. Bd3 a6
9. h3 Qc7 10. g4 Bb7 11. g5 Nh5 12. Rg1 Nd7 13. O-O-O Nb6 14. Nh4 b4 15. Nb1 c5
16. d5 Na4 17. c3 Qa5 18. Kc2 bxc3 19. bxc3 Bc8 20. Bc4 Rb8 21. Bb3 c4 22. Bxa4
Qxa4+ 23. Kc1 Bd7 24. Qc2 Qxc2+ 25. Kxc2 Ba4+ 26. Kc1 Bxd1 27. Rxd1 Rb7 28. Nf3
Rfb8 29. Nbd2 Ng3 30. Re1 Bxc3 31. Kc2 Bxd2 32. Bxd2 Rb2+ 33. Kc3 Rxa2 34. Kxc4
Ra4+ 35. Kd3 Rb3+ 36. Bc3 Nxe4 37. Rxe4 Rxc3+ 0-1

[Event "EST Club Ch 2002"]
[Site "?"]
[Date "2002.03.08"]
[Round "1"]
[White "Tarakanov, Oleg"]
[Black "Vooremaa, Andres"]
[Result "1/2-1/2"]
[WhiteElo "2172"]
[BlackElo "2303"]
[PlyCount "23"]

1. e4 c5 2. Nf3 e6 3. c3 d5 4. exd5 Qxd5 5. d4 Nc6 6. Be2 cxd4 7. cxd4 Nf6 8.
Nc3 Qd8 9. O-O Be7 10. Qd2 O-O 11. Rd1 Nd5 12. Bc4 1/2-1/2

[Event "EST Club Ch 2002"]
[Site "?"]
[Date "2002.03.08"]
[Round "1"]
[White "Pikkmets, Reet"]
[Black "Allekand, Louise"]
[Result "1/2-1/2"]
[WhiteElo "2032"]
[BlackElo "2010"]
[PlyCount "20"]

1. c4 c5 2. Nc3 g6 3. g3 Bg7 4. Bg2 Nf6 5. e3 O-O 6. Nge2 e6 7. O-O d5 8. cxd5
exd5 9. d4 c4 10. b3 Nc6 1/2-1/2

[Event "EST Club Ch 2002"]
[Site "?"]
[Date "2002.03.09"]
[Round "2"]
[White "Raud, Rainer"]
[Black "Krupenski, Juri"]
[Result "1/2-1/2"]
[WhiteElo "2380"]
[BlackElo "2228"]
[PlyCount "60"]

1. d4 Nf6 2. Nf3 g6 3. Bf4 Bg7 4. e3 O-O 5. Be2 c5 6. c3 b6 7. O-O Bb7 8. h3 d6
9. Nbd2 Nbd7 10. Bh2 Ne4 11. Nxe4 Bxe4 12. Qb3 Nf6 13. Rfd1 Qc8 14. a4 Bd5 15.
Qa3 c4 16. Nd2 Qe6 17. b3 cxb3 18. c4 Bb7 19. a5 bxa5 20. Qxb3 Rfb8 21. Rdb1
Qc8 22. Qd1 Ne4 23. Nxe4 Bxe4 24. Rxb8 Rxb8 25. c5 Qc6 26. cxd6 exd6 27. Rc1
Qb6 28. Bf3 Bxf3 29. Qxf3 a4 30. g4 Bf8 1/2-1/2

[Event "EST Club Ch 2002"]
[Site "?"]
[Date "2002.03.09"]
[Round "2"]
[White "Narva, Jaan"]
[Black "Krupenski, Igor"]
[Result "1/2-1/2"]
[WhiteElo "2300"]
[BlackElo "2211"]
[PlyCount "107"]

1. d4 Nf6 2. c4 e6 3. Nc3 d5 4. Bg5 Nbd7 5. e3 c6 6. cxd5 exd5 7. Bd3 Be7 8.
Qc2 a6 9. Nge2 h6 10. Bf4 c5 11. O-O O-O 12. Rad1 cxd4 13. Nxd4 Nc5 14. Bf5 Re8
15. Be5 Ng4 16. Bg3 Nf6 17. Bh4 Ne6 18. Nf3 Nc7 19. Bxc8 Qxc8 20. Qb3 Rd8 21.
Rd4 b5 22. Rfd1 Qe6 23. Bg3 Rac8 24. Kf1 Na8 25. Nxd5 Nxd5 26. Rxd5 Rxd5 27.
Qxd5 Qxd5 28. Rxd5 Nb6 29. Rd1 Bf6 30. Nd4 Bxd4 31. Rxd4 Rc2 32. Rd6 Nc4 33.
Rd8+ Kh7 34. b3 Nd2+ 35. Ke1 Ne4 36. Rd7 Kg8 37. a4 bxa4 38. bxa4 Ra2 39. Rd4
Nc3 40. Be5 Nxa4 41. Rd8+ Kh7 42. Bd4 Nb2 43. Kd2 Nc4+ 44. Kd3 Na3 45. e4 Nb5
46. Bb6 Ra1 47. h3 Rd1+ 48. Kc2 Re1 49. Be3 Ra1 50. Bb6 Ra4 51. Kd3 Ra3+ 52.
Kc4 Ra4+ 53. Kd3 Ra3+ 54. Kc4 1/2-1/2

[Event "EST Club Ch 2002"]
[Site "?"]
[Date "2002.03.09"]
[Round "2"]
[White "Danilov, Nikolai"]
[Black "Tanav, Tiit"]
[Result "0-1"]
[WhiteElo "2158"]
[BlackElo "2230"]
[PlyCount "98"]

1. d4 Nf6 2. c4 e6 3. Nc3 Bb4 4. Qc2 c5 5. dxc5 Qc7 6. a3 Bxc5 7. Bg5 Bxf2+ 8.
Kxf2 Qc5+ 9. Ke1 Qxg5 10. Nf3 Qc5 11. Qd3 d5 12. cxd5 exd5 13. b4 Qc7 14. Qe3+
Be6 15. Nb5 Qd7 16. Rc1 Na6 17. Nxa7 O-O 18. b5 Rxa7 19. Qxa7 Qxb5 20. Qd4 Ne4
21. e3 Qa5+ 22. Nd2 Nxd2 23. Qxd2 Qxa3 24. Bxa6 bxa6 25. Kf2 Qd6 26. Qd3 Qe5
27. Qd4 Qf5+ 28. Qf4 Qxf4+ 29. exf4 Bf5 30. Rc5 Be4 31. Rhc1 h5 32. g3 Kh7 33.
Ke3 Rb8 34. R1c3 Rb2 35. h4 f6 36. Ra5 Rg2 37. Kd4 Rd2+ 38. Kc5 Kg6 39. Rxa6 d4
40. Rc1 d3 41. Rg1 Re2 42. Rd6 Kf5 43. Kb4 Kg4 44. Rd4 Kf3 45. f5 Ke3 46. Rd7
d2 47. g4 Re1 48. Rg3+ Kf4 49. Rxd2 Kxg3 0-1

[Event "EST Club Ch 2002"]
[Site "?"]
[Date "2002.03.09"]
[Round "2"]
[White "Rauk, Tonu"]
[Black "Lelumees, Brait"]
[Result "0-1"]
[WhiteElo "2205"]
[BlackElo "2104"]
[PlyCount "92"]

1. d4 c5 2. d5 d6 3. e4 g6 4. Be2 Bg7 5. Nf3 Nf6 6. Nc3 Na6 7. O-O Nc7 8. Re1
O-O 9. h3 Rb8 10. a4 b6 11. e5 dxe5 12. Nxe5 Ncxd5 13. Nxd5 Qxd5 14. Qxd5 Nxd5
15. Nc6 Rb7 16. Bf3 e6 17. Bxd5 exd5 18. Ne7+ Kh8 19. Nxd5 Rd7 20. Nf4 Rfd8 21.
c3 Kg8 22. Be3 Ba6 23. a5 Bc4 24. axb6 axb6 25. Ra4 Bb5 26. Ra3 Rd1 27. Ra1
R1d6 28. Ra7 Bh6 29. Kh2 Kg7 30. Bc1 Bc4 31. Re4 Bb3 32. Be3 Kg8 33. Ree7 Rf6
34. Kg3 Bf8 35. Red7 Rxd7 36. Rxd7 Bd6 37. Kg4 h5+ 38. Nxh5 gxh5+ 39. Kxh5 Kg7
40. g4 Be5 41. g5 Rf3 42. Re7 Be6 43. h4 Bf4 44. Ra7 Bxe3 45. fxe3 Bf5 46. Rb7
Rg3 0-1

[Event "EST Club Ch 2002"]
[Site "?"]
[Date "2002.03.09"]
[Round "2"]
[White "Sepp, Olav"]
[Black "Shevtshenko, Robert"]
[Result "0-1"]
[WhiteElo "2460"]
[BlackElo "2410"]
[PlyCount "76"]

1. e4 c5 2. d3 Nc6 3. g3 d5 4. Nd2 Nf6 5. Bg2 g6 6. Ngf3 dxe4 7. dxe4 Bg7 8.
O-O O-O 9. c3 h6 10. Qe2 Nd7 11. Rd1 Rb8 12. Nb3 Qc7 13. Bf4 e5 14. Be3 b6 15.
Nfd2 Nf6 16. h3 Nd8 17. Nc4 Ba6 18. Nbd2 Nb7 19. Qe1 Rbe8 20. a4 Nd6 21. Nxd6
Qxd6 22. a5 Ra8 23. b4 Qc7 24. bxc5 bxc5 25. Nb3 c4 26. Nc5 Bb5 27. a6 Rfd8 28.
Rxd8+ Rxd8 29. Nb7 Ra8 30. Qd2 Bc6 31. Qd6 Qc8 32. Qe7 Ne8 33. Rd1 Bf6 34. Qb4
Nc7 35. Nd6 Qxa6 36. Nxc4 Qa4 37. Na5 Qxd1+ 38. Kh2 Qa4 0-1

[Event "EST Club Ch 2002"]
[Site "?"]
[Date "2002.03.09"]
[Round "2"]
[White "Vooremaa, Andres"]
[Black "Seeman, Tarvo"]
[Result "0-1"]
[WhiteElo "2303"]
[BlackElo "2441"]
[PlyCount "96"]

1. Nf3 Nf6 2. g3 b5 3. Bg2 Bb7 4. d3 e6 5. Nbd2 c5 6. O-O Be7 7. e4 d6 8. Qe2
Nc6 9. c3 O-O 10. Rd1 Qb6 11. Nf1 a5 12. h3 a4 13. g4 b4 14. c4 Nd7 15. Be3 a3
16. b3 Bf6 17. Rab1 Bc3 18. Ng3 Nde5 19. Ne1 Nd4 20. Bxd4 Bxd4 21. Nc2 Bc3 22.
Qe3 Nc6 23. Ne2 Bb2 24. d4 Rad8 25. Rd2 e5 26. d5 Ne7 27. Qg3 Bc8 28. Ne3 Kh8
29. Kh1 Rde8 30. Rg1 Qd8 31. Bf3 g6 32. Rdd1 Rg8 33. g5 Rgf8 34. Bg4 Ng8 35.
Bxc8 Qxc8 36. Ng4 f5 37. gxf6 Nxf6 38. Nxf6 Rxf6 39. f3 Ref8 40. Rd3 R8f7 41.
Rf1 Qf8 42. h4 Qe7 43. Kg2 g5 44. Rh1 g4 45. fxg4 Qf8 46. Ng1 Rf2+ 47. Kh3 Bd4
48. Rh2 Rf1 0-1

[Event "EST Club Ch 2002"]
[Site "?"]
[Date "2002.03.09"]
[Round "2"]
[White "Kanep, Meelis"]
[Black "Karjakin, Sergei"]
[Result "1-0"]
[WhiteElo "2358"]
[BlackElo "2171"]
[PlyCount "61"]

1. d4 e6 2. c4 c5 3. Nf3 Nf6 4. d5 d6 5. Nc3 exd5 6. cxd5 g6 7. e4 a6 8. h3 b5
9. Bd3 Bg7 10. O-O O-O 11. a3 Nbd7 12. Bf4 Qc7 13. Rc1 Re8 14. Re1 Nh5 15. Bh2
Ne5 16. Be2 Nxf3+ 17. Bxf3 Nf6 18. e5 Nd7 19. exd6 Qd8 20. Rxe8+ Qxe8 21. Qd2
Be5 22. Re1 f6 23. Bg4 Qf8 24. Bxd7 Bxh2+ 25. Kxh2 Qxd6+ 26. Kg1 Bxd7 27. Ne4
Qf8 28. Qc3 Kg7 29. Nxf6 b4 30. axb4 cxb4 31. Qd4 1-0

[Event "EST Club Ch 2002"]
[Site "?"]
[Date "2002.03.09"]
[Round "2"]
[White "Brokko-Olde, Margit"]
[Black "Allekand, Louise"]
[Result "1-0"]
[WhiteElo "2154"]
[BlackElo "2010"]
[PlyCount "103"]

1. e4 c5 2. Nc3 e6 3. g3 d5 4. d3 Nc6 5. Bg2 Nf6 6. Bg5 d4 7. Nce2 Be7 8. Nf3
h6 9. Bd2 O-O 10. O-O e5 11. Ne1 Bg4 12. f4 Rc8 13. h3 Bd7 14. Nf3 Bd6 15. Qe1
Re8 16. Qf2 Qe7 17. Rae1 b5 18. Kh1 a5 19. g4 exf4 20. Nxf4 c4 21. Nd5 Qe6 22.
Nxd4 Nxd4 23. Qxd4 Be5 24. Qa7 Bxb2 25. Nc7 Rxc7 26. Qxc7 Be5 27. Qa7 Nxg4 28.
hxg4 Qxg4 29. Rf3 c3 30. Qxa5 cxd2 31. Qxd2 Bd4 32. Qf4 Qh5+ 33. Qh2 Qc5 34.
Ref1 Be6 35. Bh3 Be5 36. Qg2 Bxa2 37. c3 Qa3 38. d4 Bc4 39. Rg1 Bxd4 40. cxd4
Qf8 41. Rf2 b4 42. d5 Bd3 43. Bf5 g5 44. Qf3 Bc4 45. Rd1 Rd8 46. e5 Qe7 47. Bb1
b3 48. Qe4 Qd7 49. Qh7+ Kf8 50. Qxh6+ Ke8 51. Qh8+ Ke7 52. d6+ 1-0

[Event "EST Club Ch 2002"]
[Site "?"]
[Date "2002.03.09"]
[Round "2"]
[White "Vetemaa, Juri"]
[Black "Vassiljev, Igor"]
[Result "1-0"]
[WhiteElo "2280"]
[BlackElo "2307"]
[PlyCount "53"]

1. e4 c5 2. Nf3 e6 3. d3 Nc6 4. g3 g6 5. Bg2 Bg7 6. O-O Nge7 7. Re1 d5 8. e5
Qc7 9. Bf4 h6 10. h4 Bd7 11. c4 g5 12. hxg5 hxg5 13. Nxg5 dxc4 14. Nc3 Nxe5 15.
Bxe5 Bxe5 16. Qf3 f6 17. Nge4 O-O-O 18. dxc4 Bc6 19. Nb5 Qb6 20. a4 f5 21. a5
Qa6 22. Nxc5 Bxf3 23. Bxf3 Bxb2 24. Nxa6 bxa6 25. Nxa7+ Kb8 26. Rab1 Rd2 27.
Rxe6 1-0

[Event "EST Club Ch 2002"]
[Site "?"]
[Date "2002.03.09"]
[Round "2"]
[White "Tarakanov, Oleg"]
[Black "Remmel, Anto"]
[Result "1/2-1/2"]
[WhiteElo "2172"]
[BlackElo "2245"]
[PlyCount "36"]

1. e4 e6 2. d4 d5 3. e5 c5 4. c3 Nc6 5. Nf3 Nge7 6. Na3 cxd4 7. cxd4 Nf5 8. Nc2
Be7 9. Bd3 Nb4 10. Nxb4 Bxb4+ 11. Kf1 Be7 12. h4 h5 13. Bg5 Bd7 14. Bxe7 Qxe7
15. Qb3 O-O 16. g3 Rfc8 17. Kg2 Rc7 18. Rac1 Rac8 1/2-1/2

[Event "EST Club Ch 2002"]
[Site "?"]
[Date "2002.03.09"]
[Round "2"]
[White "Tsiganova, Monika"]
[Black "Pikkmets, Reet"]
[Result "1-0"]
[WhiteElo "2249"]
[BlackElo "2032"]
[PlyCount "93"]

1. d4 Nf6 2. c4 d5 3. cxd5 Nxd5 4. Nf3 Bf5 5. Nbd2 Nb6 6. e4 Bg6 7. h4 h6 8. h5
Bh7 9. b3 e6 10. Bb2 N8d7 11. Bd3 Nf6 12. Qe2 Be7 13. Ne5 a6 14. O-O Nbd7 15.
Ndc4 Nxe5 16. Nxe5 c5 17. dxc5 Bxc5 18. Rfd1 Qe7 19. Rac1 O-O 20. Rc2 Ba3 21.
Bd4 Rac8 22. Nc4 Bc5 23. Bb2 b5 24. Ne5 Qb7 25. Rdc1 Bb6 26. Nc6 Rc7 27. Ba3
Re8 28. Bd6 Rd7 29. e5 Nd5 30. Bxh7+ Kxh7 31. a4 Kh8 32. Kh1 b4 33. Rc4 a5 34.
Qf3 Bd8 35. Nxd8 Rexd8 36. Rc7 Qb6 37. Rxd7 Rxd7 38. Rc8+ Kh7 39. Qe4+ g6 40.
hxg6+ fxg6 41. Qg4 Nc7 42. Rf8 Qc6 43. Rf6 g5 44. Qh5 Qc1+ 45. Kh2 g4 46. Qg6+
Kh8 47. Rf8# 1-0

[Event "EST Club Ch 2002"]
[Site "?"]
[Date "2002.03.09"]
[Round "3"]
[White "Krupenski, Juri"]
[Black "Gavrikov, Viktor"]
[Result "1/2-1/2"]
[WhiteElo "2228"]
[BlackElo "2578"]
[PlyCount "20"]

1. d4 Nf6 2. c4 g6 3. g3 c6 4. Bg2 d5 5. cxd5 cxd5 6. Nf3 Bg7 7. O-O O-O 8. Ne5
e6 9. Nc3 Nfd7 10. f4 Nc6 1/2-1/2

[Event "EST Club Ch 2002"]
[Site "?"]
[Date "2002.03.09"]
[Round "3"]
[White "Shevtshenko, Robert"]
[Black "Kovaljov, Deniss"]
[Result "1/2-1/2"]
[WhiteElo "2410"]
[BlackElo "2244"]
[PlyCount "22"]

1. e4 e6 2. d4 d5 3. Nd2 Nf6 4. e5 Nfd7 5. c3 c5 6. f4 Nc6 7. Ndf3 Qb6 8. g3
cxd4 9. cxd4 Bb4+ 10. Kf2 O-O 11. Bh3 Kh8 1/2-1/2

[Event "EST Club Ch 2002"]
[Site "?"]
[Date "2002.03.09"]
[Round "3"]
[White "Karjakin, Sergei"]
[Black "Danilov, Nikolai"]
[Result "1/2-1/2"]
[WhiteElo "2171"]
[BlackElo "2158"]
[PlyCount "134"]

1. e4 c6 2. d4 d5 3. Nd2 dxe4 4. Nxe4 Bf5 5. Ng3 Bg6 6. h4 h6 7. Nf3 Nd7 8. h5
Bh7 9. Bd3 Bxd3 10. Qxd3 Ngf6 11. Bd2 Qc7 12. O-O-O O-O-O 13. Ne4 e6 14. g3 Nc5
15. Nxc5 Bxc5 16. Qe2 Bd6 17. c4 Rhe8 18. Bc3 Bf8 19. Ne5 c5 20. Kb1 Rd6 21.
dxc5 Rxd1+ 22. Rxd1 Bxc5 23. f4 Rd8 24. Rxd8+ Kxd8 25. g4 Ne8 26. g5 f6 27. Nd3
Qe7 28. gxh6 gxh6 29. Nxc5 Qxc5 30. Qxe6 Qg1+ 31. Kc2 Qh2+ 32. Bd2 Qxh5 33. f5
Qh1 34. Qe3 b6 35. Bb4 Qh2+ 36. Kb3 Qe5 37. Qxh6 Qxf5 38. Qh1 Qd3+ 39. Bc3 Qd7
40. Qa8+ Ke7 41. Qe4+ Kf7 42. Qd5+ Qxd5 43. cxd5 Nd6 44. a4 f5 45. a5 bxa5 46.
Bxa5 f4 47. Kc2 Nc4 48. Bc7 Ne3+ 49. Kd3 Nxd5 50. Bb8 a6 51. Ke4 Ke6 52. Bxf4
Nb6 53. Kd4 Nd7 54. Kc4 Nb6+ 55. Kd4 Kd7 56. b3 Kc6 57. Bd2 Kb5 58. Bc3 Nd7 59.
Bd2 Nc5 60. b4 Nd7 61. Kd3 Nb6 62. Be1 Nc4 63. Kc3 Ne3 64. Kb3 Ng2 65. Bf2 Nf4
66. Bc5 Ne6 67. Ka3 Kc4 1/2-1/2

[Event "EST Club Ch 2002"]
[Site "?"]
[Date "2002.03.09"]
[Round "3"]
[White "Lelumees, Brait"]
[Black "Truus, Tonu"]
[Result "1-0"]
[WhiteElo "2104"]
[BlackElo "2227"]
[PlyCount "43"]

1. e4 d5 2. exd5 Nf6 3. d4 Nxd5 4. c4 Nb6 5. Nf3 Bg4 6. c5 N6d7 7. Bc4 e6 8. h3
Bh5 9. Be3 c6 10. Nc3 Be7 11. O-O b5 12. Bb3 a5 13. d5 cxd5 14. Nxd5 Bxc5 15.
Nf4 Bxe3 16. fxe3 Bg6 17. Bxe6 O-O 18. Nxg6 hxg6 19. Qd5 Ra6 20. Bxf7+ Rxf7 21.
Ne5 Raf6 22. Nxf7 1-0

[Event "EST Club Ch 2002"]
[Site "?"]
[Date "2002.03.09"]
[Round "3"]
[White "Kulaots, Kaido"]
[Black "Vassiljev, Igor"]
[Result "1/2-1/2"]
[WhiteElo "2531"]
[BlackElo "2307"]
[PlyCount "80"]

1. e4 c5 2. Nf3 Nc6 3. d4 cxd4 4. Nxd4 e6 5. Nb5 Nf6 6. Bf4 e5 7. Bg5 a6 8.
Bxf6 gxf6 9. Nd6+ Bxd6 10. Qxd6 Qe7 11. Qxe7+ Nxe7 12. Nc3 b5 13. Bd3 Bb7 14.
O-O Rg8 15. f4 Ng6 16. Ne2 f5 17. exf5 Nh4 18. Ng3 e4 19. Rfe1 d5 20. c3 Ke7
21. a4 Kf6 22. Bf1 Bc6 23. axb5 axb5 24. Kf2 Nxf5 25. Nxf5 Kxf5 26. Ke3 Ke6 27.
b4 Kd6 28. Kd4 f6 29. g3 h6 30. Be2 Rge8 31. g4 Bd7 32. Rg1 Ra4 33. h4 Rea8 34.
Rxa4 bxa4 35. c4 dxc4 36. Bxc4 Rb8 37. Kc3 Rc8 38. Kd4 Rb8 39. Kc3 Rc8 40. Kd4
Rb8 1/2-1/2

[Event "EST Club Ch 2002"]
[Site "?"]
[Date "2002.03.09"]
[Round "3"]
[White "Tarakanov, Oleg"]
[Black "Sepp, Olav"]
[Result "1-0"]
[WhiteElo "2172"]
[BlackElo "2460"]
[PlyCount "71"]

1. e4 e5 2. Nf3 Nc6 3. Nc3 Nf6 4. Bb5 Nd4 5. Ba4 c6 6. O-O Qa5 7. Re1 d6 8. h3
b5 9. Nxd4 exd4 10. e5 dxe5 11. Qf3 Bd7 12. Rxe5+ Kd8 13. b4 Qc7 14. Rxb5 dxc3
15. dxc3 cxb5 16. Qxa8+ Qc8 17. Qxa7 bxa4 18. Bg5 Be7 19. Rd1 Ke8 20. a3 h6 21.
Bh4 g5 22. Bg3 Ne4 23. Qd4 Nf6 24. c4 Rg8 25. c5 g4 26. Bd6 Rg6 27. hxg4 Bxd6
28. Qxd6 Nxg4 29. Qf4 Qc6 30. f3 Nf6 31. Rd6 Nh5 32. Qe5+ Re6 33. Qh8+ Ke7 34.
Rxc6 Bxc6 35. c4 Rg6 36. Qe5+ 1-0

[Event "EST Club Ch 2002"]
[Site "?"]
[Date "2002.03.09"]
[Round "3"]
[White "Pikkmets, Reet"]
[Black "Olde-Brokko, Margit"]
[Result "1/2-1/2"]
[WhiteElo "2032"]
[BlackElo "2154"]
[PlyCount "100"]

1. c4 e5 2. Nc3 Nc6 3. g3 g6 4. Bg2 Bg7 5. e3 d6 6. Nge2 Be6 7. Qb3 Rb8 8. O-O
Qd7 9. Nd5 Na5 10. Qb5 Nc6 11. Nb4 Nxb4 12. Qxb4 Ne7 13. d4 O-O 14. dxe5 Nc6
15. Qa4 Nxe5 16. Qxd7 Bxd7 17. Bd5 c6 18. f4 Nd3 19. Bf3 Nxb2 20. Bxb2 Bxb2 21.
Rab1 Ba3 22. Rb3 Bc5 23. Rfb1 Bb6 24. Nd4 Rfe8 25. Kf2 Re7 26. a4 Rbe8 27. a5
Bxa5 28. Rxb7 Bb6 29. Nxc6 Bxc6 30. Bxc6 Rxb7 31. Bxb7 Bxe3+ 32. Kf3 Bc5 33.
Bd5 Re7 34. Rb8+ Kg7 35. Kg4 a5 36. Ra8 Ra7 37. Rxa7 Bxa7 38. Bc6 Kf6 39. h4
Bf2 40. Kf3 Be1 41. Kg4 h6 42. Kf3 Ke6 43. Kg4 f6 44. Kf3 g5 45. hxg5 fxg5 46.
g4 Kf6 47. fxg5+ Kxg5 48. Bd7 Bb4 49. Bc6 Kf6 50. Ke4 Ke6 1/2-1/2

[Event "EST Club Ch 2002"]
[Site "?"]
[Date "2002.03.09"]
[Round "3"]
[White "Remmel, Anto"]
[Black "Narva, Jaan"]
[Result "1/2-1/2"]
[WhiteElo "2245"]
[BlackElo "2300"]
[PlyCount "106"]

1. e4 c5 2. Nf3 e6 3. c3 Nf6 4. e5 Nd5 5. d4 cxd4 6. cxd4 b6 7. Nc3 Nxc3 8.
bxc3 Qc7 9. Bd2 d6 10. exd6 Bxd6 11. Bd3 Bb7 12. O-O Nd7 13. h3 Bd5 14. Ng5 Nf6
15. Bb5+ Bc6 16. Qa4 Bxb5 17. Qxb5+ Ke7 18. c4 Rhc8 19. Rac1 h6 20. Nf3 Ne4 21.
Bb4 Qc6 22. Bxd6+ Nxd6 23. Qb4 Ke8 24. Ne5 Qc7 25. c5 bxc5 26. Rxc5 Qe7 27.
Rfc1 Rxc5 28. dxc5 Qc7 29. Qa4+ Kf8 30. Rd1 Ne8 31. Qd4 Rc8 32. c6 Kg8 33. Qd7
Kh7 34. Qxc7 Rxc7 35. Rd8 Nf6 36. Rf8 Nd5 37. Rxf7 Rxf7 38. Nxf7 Kg6 39. Nd6
Nc7 40. f4 Kf6 41. Kf2 e5 42. f5 e4 43. Ke3 Ke5 44. Nxe4 Nd5+ 45. Kf3 Kxf5 46.
a4 a6 47. Nc5 Nc7 48. Nd3 Ke6 49. Ke4 Kd6 50. Ne5 Nd5 51. Nf7+ Kxc6 52. Nd8+
Kd6 53. Nb7+ Kc6 1/2-1/2

[Event "EST Club Ch 2002"]
[Site "?"]
[Date "2002.03.09"]
[Round "3"]
[White "Vaher, Andres"]
[Black "Rauk, Tonu"]
[Result "1/2-1/2"]
[WhiteElo "2193"]
[BlackElo "2205"]
[PlyCount "26"]

1. e4 c5 2. Nf3 e6 3. d4 cxd4 4. Nxd4 a6 5. Bd3 Nf6 6. c4 Be7 7. Nc3 d6 8. O-O
Nc6 9. Be3 Bd7 10. Qe2 O-O 11. f4 Nxd4 12. Bxd4 Bc6 13. Kh1 Nd7 1/2-1/2